|
|
|
|
| LEADER |
00000nam0a2200000 4500 |
| 001 |
92118 |
| 005 |
20231031104522.0 |
| 035 |
|
|
|a (RuTPU)RU\TPU\book\98718
|
| 090 |
|
|
|a 92118
|
| 100 |
|
|
|a 20060307d1970 m y0rusy50 ca
|
| 101 |
0 |
|
|a rus
|
| 102 |
|
|
|a RU
|
| 105 |
|
|
|a a j 001zy
|
| 200 |
1 |
|
|a Химия красителей
|e учебник для студентов вузов и факультетов текстильной и легкой промышленности
|f Н. Г. Лаптев, Б. М. Богословский
|g под ред. Л. И. Беленького
|
| 205 |
|
|
|a 2-е, перераб. изд.
|
| 210 |
|
|
|a Москва
|c Химия
|d 1970
|
| 215 |
|
|
|a 424 с.
|c ил.
|e черт.
|
| 320 |
|
|
|a Библиогр.: с. 401-402.
|
| 320 |
|
|
|a Предм. указ.: с. 403-423.
|
| 610 |
1 |
|
|a красители
|
| 610 |
1 |
|
|a химия
|
| 610 |
1 |
|
|a цвет
|
| 610 |
1 |
|
|a молекулярное строение
|
| 610 |
1 |
|
|a нитрокрасители
|
| 610 |
1 |
|
|a нитрозокрасители
|
| 610 |
1 |
|
|a азокрасители
|
| 610 |
1 |
|
|a арилметановые красители
|
| 610 |
1 |
|
|a хинониминовые красители
|
| 610 |
1 |
|
|a индигоидные красители
|
| 610 |
1 |
|
|a сернистые красители
|
| 610 |
1 |
|
|a учебники
|
| 675 |
|
|
|a 667(075.8)
|v 3
|
| 700 |
|
1 |
|a Лаптев
|b Н. Г.
|g Николай Григоьевич
|
| 701 |
|
1 |
|a Богословский
|b Б. М.
|g Борис Михайлович
|
| 702 |
|
1 |
|a Беленький
|b Л. И.
|4 340
|
| 801 |
|
1 |
|a RU
|b 63413507
|c 20060307
|g PSBO
|
| 801 |
|
2 |
|a RU
|b 63413507
|c 20190401
|g PSBO
|
| 942 |
|
|
|c BK
|